000 04507mam a22003978a 4500
001 1257031
005 20150716144817.0
008 920910s1993 wiu b s001 0 eng
010 _a 92034689
020 _a0299137708 :
_c$54.00
020 _a0299137740 (pbk.) :
_c$22.50
035 _a(OCoLC)ocm26761598
035 _a(NNC)1257031
040 _aDLC
_cDLC
_dVVC
050 0 0 _aQ175
_b.F926 1993
082 0 0 _a501
_220
100 1 _aFuller, Steve,
_d1959-
_914246
245 1 0 _aPhilosophy, rhetoric, and the end of knowledge :
_bthe coming of science and technology studies /
_cSteve W. Fuller.
260 _aMadison, Wisc. :
_bUniversity of Wisconsin Press,
_cc1993.
263 _a9303
300 _axxii, 421 p. ;
_c24 cm.
490 1 _aRhetoric of the human sciences
504 _aIncludes bibliographical references (p. 393-414) and index.
505 0 _aCh. 1. The Players: STS, Rhetoric, Social Epistemology. HPS as the prehistory of STS. The turn to sociology and STS. Rhetoric: The theory behind the practice. Enter the social epistemologist -- Ch. 2. The Position: Interdisciplinarity as Interpenetration. The terms of the argument. The perils of pluralism. Interpenetration's interlopers. The pressure points for interpenetration. The task ahead (and the enemy within). Here I stand -- Ch. 3. Incorporation, or Epistemology Emergent. Tycho on the run. Hegel to the rescue. Building the better naturalist -- Conclusion: Naturalism's trial by fire -- Ch. 4. Reflexion, or the Missing Mirror of the Social Sciences. Why the scientific study of science might just show that there is no science to study. The elusive search for science in the social sciences: Deconstructing the five canonical historiographies. How economists defeated political scientists at their own game -- Conclusion: The rhetoric that is science.
505 0 _aCh. 5. Sublimation, or Some Hints on How to be Cognitively Revolting -- Introduction: Of rhetorical impasses and forced choices. Some impasses in the artificial intelligence debates. Drawing the battle lines. AI as PC-positivism. How my enemy's enemy became my friend. But now that the coast is clear. Three attempts to clarify the cognitive. AI's strange bedfellows: Actants -- Ch. 6. Excavation, or the Withering Away of History and Philosophy of Science and the Brave New World of Science and Technology Studies. Positioning social epistemology in the tradition from HPS to STS. The price of humanism in historical scholarship. A symmetry principle for historicism. Historicism's version of the cold war. Under- and overdetermining history. When in doubt, experiment. STS as the posthistory of HPS -- Ch. 7. Knowledge Policy: Where's the Playing Field? Science policy: The very idea. An aside on science journalism. Managing the unmanageable. The social construction of society.
505 0 _aThe constructive rhetoric of knowledge policy. Armed for policy: Fad-laden values and hypothetical imperatives. Machiavelli redux? A recap on values as a prelude to politics -- Ch. 8. Knowledge Politics: What Position Shall I Play? Philosophy as protopolitics. Have science and democracy outgrown each other? Back from postmodernism and into the public sphere. Beyond academic indifference -- Postscript: The social epistemologist at the bargaining table -- Ch. 9. Opposing the Relativist. The Socratic legacy to relativism. The sociology of knowledge debates: Will the real relativist please stand up? -- Interlude I: An inventory of relativisms -- Interlude II: Mannheim's realistic relativism. Is relativism obsolete? Counterrelativist models of knowledge production -- Ch. 10. Opposing the Antitheorist. A Fish story about theory. What exactly does "Theory has no consequences" mean? Fish's positivistic theory of "theory" Toward a more self-critical positivist theory of "theory".
505 0 _aThe universality, abstractness, and foolproofness of theory. Convention, autonomy, and Fish's "paper radicalism" Consequential theory: An account of presumption -- Postscript: The World of Tomorrow, as Opposed to the World of Today -- Appendix: Course Outlines For Science and Technology Studies in a Rhetorical Key.
650 0 _aScience
_xPhilosophy.
_918255
650 0 _aScience
_xSocial aspects.
_99989
650 0 _aKnowledge, Theory of.
_918256
650 0 _aRhetoric
_xPhilosophy.
_918093
650 0 _aSocial sciences
_xPhilosophy.
_918257
830 0 _aRhetoric of the human sciences.
_918258
942 _2lcc
_cMONOGRAPH
999 _c122956
_d122956